000 00495cam a2200193ua 4500
020 _c264
041 _aeng
_h
082 _a515.35076
_bBRO/DI
100 _aBronson , Richard .
245 _a2500 Solved problems in differential equations /
_cRichard Bronson.
_hTextual Documents
250 _a1 /
_b.
260 _aNew York :
_bMcGraw Hill Book Company ,
_c1988.
300 _a440 ; .
365 _a264
500 _a18334 CSS
504 _a
942 _cBK
999 _c2953
_d2953